| Tag |
First Indicator |
Second Indicator |
Subfields |
| LEADER |
00000pam a2200000 a 4500 |
| 001 |
in00000424443 |
| 005 |
20151012055446.0 |
| 008 |
860218s1986 ne a b 10000 eng |
| 010 |
|
|
|a 86004444
|
| 020 |
|
|
|a 0444426264 :
|c f1 200.00
|
| 035 |
|
|
|a (OCoLC)13270693
|
| 035 |
|
|
|9 ABV0588AM
|
| 040 |
|
|
|a DLC
|c DLC
|d TXA
|d UtOrBLW
|
| 049 |
|
|
|a TXAM
|c [A09747119]
|
| 050 |
0 |
0 |
|a GC190.2
|b .C68 1986
|
| 082 |
0 |
|
|a 551.47
|2 19
|
| 245 |
0 |
0 |
|a Marine interfaces ecohydrodynamics /
|c edited by J.C.J. Nihoul.
|
| 264 |
|
1 |
|a Amsterdam ;
|a New York :
|b Elsevier ;
|c 1986.
|
| 264 |
|
2 |
|a New York, NY, U.S.A. :
|b Distributors for the U.S. and Canada, Elsevier Science Pub. Co.,
|
| 300 |
|
|
|a xiv, 670 pages :
|b illustrations (some color) ;
|c 25 cm.
|
| 336 |
|
|
|a text
|b txt
|2 rdacontent
|
| 337 |
|
|
|a unmediated
|b n
|2 rdamedia
|
| 338 |
|
|
|a volume
|b nc
|2 rdacarrier
|
| 490 |
1 |
|
|a Elsevier oceanography series ;
|v 42
|
| 504 |
|
|
|a Includes bibliographies.
|
| 650 |
|
0 |
|a Ocean-atmosphere interaction
|v Congresses.
|
| 650 |
|
0 |
|a Marine ecology
|v Congresses.
|
| 700 |
1 |
|
|a Nihoul, Jacques C. J.
|
| 830 |
|
0 |
|a Elsevier oceanography series ;
|v 42.
|
| 999 |
|
|
|a MARS
|
| 999 |
f |
f |
|s 69ffa15b-5f69-38c2-9368-8c1e981fee1a
|i b6bd9525-ddbd-3692-8175-aa75b05ddfec
|t 0
|
| 952 |
f |
f |
|p ric
|a Texas A&M University
|b Rellis Campus
|c Joint Library Facility
|d Remote Storage
|t 0
|e GC190.2 .C68 1986
|h Library of Congress classification
|i unmediated -- volume
|m A14809747119
|
| 998 |
f |
f |
|a GC190.2 .C68 1986
|t 0
|l Remote Storage
|